| 000 | 00602nam a22001937a 4500 | ||
|---|---|---|---|
| 999 |
_c8913 _d8913 |
||
| 003 | AR-CdUCM | ||
| 008 | 190326b ||||| |||| 00| 0 spa d | ||
| 040 |
_aMUNICIPALIDAD PROVINCIAL DEL CUSCO _cBIBLIOTECA MUNICIPAL DEL CUSCO |
||
| 082 |
_a025.3 / _bUN56 |
||
| 110 |
_aUnesco _913999 |
||
| 245 | _aManual del pensamiento documental para colecciones de patrimonio cultural | ||
| 260 |
_aEcuador : _bUnesco, _c2008. |
||
| 300 |
_a157 páginas ; _c24 cm. |
||
| 650 |
_aProcesamiento documental. _924762 |
||
| 650 |
_aManual. _97438 |
||
| 650 |
_aPatrimonio. _95523 |
||
| 942 |
_2ddc _cLIBROS |
||
| 945 | _awfj | ||